000 01391nam a2200337 a 4500
001 000035751
003 DO-SdBPM
005 20260522130516.0
007 ta
008 111110s2005 ve 001 m spa d
020 _a 9801108681
040 _aDO-SdBPM
_bspa
_cBPMSU
_drda
082 4 _aV860.9
_bM672g 2005
_222
245 1 0 _aMirar las grietas :
_bdiálogos interculturales en la Venezuela contemporánea /
_ccompilación y prólogo Carmen Díaz Orozco.
264 _a Mérida, Venezuela :
_bInstituto de Investigaciones Literarias "Gonzalo Picón Febres" ;
_b Universidad de los Andes, Vicerrectorado Académico,
_c2005
300 _a230 páginas :
_bilustraciones ;
_c22cm.
_e
336 _atexto
_btxt
_2rdacontent
337 _asin mediación
_bn
_2rdamedia
338 _avolumen
_bnc
_2rdacarrier
490 0 _a Ciencias sociales y humanidades
500 _aIncluye referencias bibliográficas y notas al pie de las páginas.
590 _aInventariado, 2026/VM
650 7 _a Literatura latinoamericana
_xHistoria y crítica.
650 7 _aLiteratura venezolana
_xHistoria y crítica
650 7 _aAutores latinoamericanos
_xHistoria y crítica
651 7 _aAmérica Latina
_x Vida intelectual.
651 7 _aVenezuela
_xVida intelectual.
700 1 _aDíaz Orozco, Carmen,
_e compilador.
910 _aVMateo V. Control de calidad BPMSU
942 _2ddc
_cBK
999 _c15866
_d15866